[Event "COL-ch"]
[Site "Boyaca"]
[Date "2022.08.21"]
[Round "8"]
[White "Palacio, Pablo Persi"]
[Black "Alvarez Lora, Amaury Antonio"]
[Result "0-1"]
[WhiteElo "1842"]
[BlackElo "2036"]
[PlyCount "46"]
[EventDate "2022.08.17"]
[EventType "swiss"]
[EventRounds "9"]
[EventCountry "COL"]
[SourceTitle "CBM 210 Extra"]
[Source "ChessBase"]
[SourceDate "2022.11.30"]
[SourceVersion "1"]
[SourceVersionDate "2022.11.30"]
[SourceQuality "1"]

1. e4 c5 2. Nf3 d6 3. d4 cxd4 4. Nxd4 Nf6 5. Nc3 g6 6. Be2 Bg7 7. Be3 0-0 8. h4 Nc6 9. h5 d5 10. Nxc6 bxc6 11. e5 Ne4 12. hxg6 fxg6 13. Nxe4 dxe4 14. Bc4+ Kh8 15. Bd4 Bg4 16. Qd2 c5 17. Bxc5 Qc7 18. b4 Qxe5 19. Rb1 a5 20. Bd5 Rad8 21. c4 e6 22. Bxf8 Bxf8 23. Rh4 Bxb4 0-1

[Event "COL Subzt 2.3.4"]
[Site "Risarald"]
[Date "2021.11.25"]
[Round "5"]
[White "Ramirez Ramirez, Anderson"]
[Black "Palacio, Pablo Persi"]
[Result "0-1"]
[WhiteElo "1668"]
[BlackElo "1917"]
[PlyCount "67"]
[EventDate "2021.11.23"]
[EventType "swiss"]
[EventRounds "9"]
[EventCountry "COL"]
[SourceTitle "CBM 205 Extra"]
[Source "ChessBase"]
[SourceDate "2022.01.31"]
[SourceVersion "1"]
[SourceVersionDate "2022.01.31"]
[SourceQuality "1"]

1. e4 c5 2. Nf3 d6 3. d4 cxd4 4. Nxd4 Nf6 5. Nc3 g6 6. Be2 Bg7 7. Be3 Nc6 8. f3 Bd7 9. Qd2 h5 10. 0-0-0 a6 11. Kb1 Rc8 12. Nd5 Nxd5 13. exd5 Ne5 14. Rhe1 Nc4 15. Bxc4 Rxc4 16. Qd3 Qc7 17. Ne6 fxe6 18. Qxg6+ Kf8 19. Bg5 Be8 20. Qxe6 Be5 21. Rxe5 dxe5 22. d6 exd6 23. Rxd6 Rc6 24. Bh6+ Rxh6 25. Qxh6+ Qg7 26. Rxc6 bxc6 27. Qd6+ Qe7 28. Qh6+ Kg8 29. b3 a5 30. a3 a4 31. bxa4 c5 32. Qa6 Bf7 33. Qa5 c4 34. c3 0-1

[Event "Coliseo Department-ch"]
[Site "Coliseo"]
[Date "2020.12.13"]
[Round "6"]
[White "Palacio, Pablo Persi"]
[Black "Mejia Rodriguez, Yesica"]
[Result "0-1"]
[WhiteElo "1929"]
[BlackElo "1855"]
[PlyCount "108"]
[EventDate "2020.12.11"]
[EventType "swiss"]
[EventRounds "7"]
[EventCountry "COL"]
[SourceTitle "EXT 2022"]
[Source "ChessBase"]
[SourceDate "2021.10.06"]
[SourceVersion "1"]
[SourceVersionDate "2021.10.06"]
[SourceQuality "1"]

1. d4 Nf6 2. Nf3 g6 3. Bf4 Bg7 4. Nc3 0-0 5. e4 d6 6. Qd2 c5 7. d5 a6 8. Bh6 b5 9. Bxg7 Kxg7 10. Qf4 e5 11. dxe6 fxe6 12. 0-0-0 e5 13. Nxe5 Ng4 14. Qg3 Qg5+ 15. f4 Rxf4 16. h4 Qxe5 17. Nd5 Rf8 18. Qxe5+ dxe5 19. Re1 Ra7 20. h5 Raf7 21. Be2 Nf6 22. Rh4 Nc6 23. hxg6 hxg6 24. Reh1 Nxd5 25. exd5 Nd4 26. Rh7+ Kf6 27. Rf1+ Ke7 28. d6+ Ke8 29. Rhxf7 Nxe2+ 30. Kd2 Rxf7 31. Re1 Bg4 32. Ke3 Kd7 33. c3 Kxd6 34. Rd1+ Ke6 35. Rd8 Rd7 36. Ra8 Rd6 37. Re8+ Kf6 38. Rf8+ Ke7 39. Rg8 Nf4 40. g3 Rd3+ 41. Ke4 Rxg3 42. Kxe5 Ne6 43. Ke4 Bf5+ 44. Kd5 Rg4 45. Kc6 Rg2 46. Kb6 Rxb2 47. Kxa6 b4 48. cxb4 Rxa2+ 49. Kb5 Bd3+ 50. Kc6 cxb4 51. Rb8 b3 52. Rb7+ Kf6 53. Rb4 b2 54. Kd6 b1Q 0-1

[Event "Coliseo Department-ch"]
[Site "Coliseo"]
[Date "2020.12.12"]
[Round "4"]
[White "Palacio, Pablo Persi"]
[Black "Vanegas, Josue"]
[Result "1-0"]
[WhiteElo "1929"]
[BlackElo "1722"]
[PlyCount "53"]
[EventDate "2020.12.11"]
[EventType "swiss"]
[EventRounds "7"]
[EventCountry "COL"]
[SourceTitle "EXT 2022"]
[Source "ChessBase"]
[SourceDate "2021.10.06"]
[SourceVersion "1"]
[SourceVersionDate "2021.10.06"]
[SourceQuality "1"]

1. e4 g6 2. d4 Bg7 3. Nf3 d6 4. Nc3 Nf6 5. Bc4 0-0 6. Bf4 Nxe4 7. Nxe4 d5 8. Bd3 dxe4 9. Bxe4 c5 10. c3 cxd4 11. cxd4 Qb6 12. Qd2 Rd8 13. Rc1 Qe6 14. Ng5 Qxa2 15. 0-0 Nc6 16. d5 e5 17. Be3 Nd4 18. Bxd4 exd4 19. Qf4 f6 20. Rc7 Rd7 21. Ne6 Qa5 22. Rfc1 Rxc7 23. Nxc7 Rb8 24. Ne8 Ra8 25. Nxf6+ Bxf6 26. Qxf6 Qb6 27. d6 1-0

[Event "Coliseo Department-ch"]
[Site "Coliseo"]
[Date "2020.12.12"]
[Round "5"]
[White "Villamizar, Diego Fernando"]
[Black "Palacio, Pablo Persi"]
[Result "0-1"]
[WhiteElo "1993"]
[BlackElo "1929"]
[PlyCount "46"]
[EventDate "2020.12.11"]
[EventType "swiss"]
[EventRounds "7"]
[EventCountry "COL"]
[SourceTitle "EXT 2022"]
[Source "ChessBase"]
[SourceDate "2021.10.06"]
[SourceVersion "1"]
[SourceVersionDate "2021.10.06"]
[SourceQuality "1"]

1. e4 c5 2. Nf3 d6 3. d4 cxd4 4. Nxd4 Nf6 5. Be2 g6 6. Be3 Bg7 7. f3 Nc6 8. Qd2 h5 9. Bc4 Bd7 10. Bb3 Rc8 11. Nc3 a6 12. 0-0-0 Na5 13. Kb1 Nc4 14. Bxc4 Rxc4 15. Nde2 b5 16. h3 b4 17. Nd5 Nxd5 18. exd5 Bf5 19. Rc1 Qa5 20. Ng3 Bc3 21. Qe2 b3 22. axb3 Ra4 23. bxa4 Qb4 0-1

[Event "COL sub zt 2.3.4"]
[Site "La Dorada"]
[Date "2016.11.06"]
[Round "7"]
[White "Hernandez Villar, Andres F"]
[Black "Palacio, Pablo Persi"]
[Result "0-1"]
[WhiteElo "1838"]
[BlackElo "1919"]
[PlyCount "84"]
[EventDate "2016.11.02"]
[EventType "swiss"]
[EventRounds "9"]
[EventCountry "COL"]
[SourceTitle "CBM 175 Extra"]
[Source "ChessBase"]
[SourceDate "2016.12.12"]
[SourceVersion "1"]
[SourceVersionDate "2016.12.12"]
[SourceQuality "1"]

1. e4 c5 2. Nc3 Nc6 3. Bb5 Nd4 4. Bc4 e6 5. d3 a6 6. a4 b6 7. Nge2 Bb7 8. 0-0 g6 9. Nxd4 cxd4 10. Ne2 Bg7 11. b4 Ne7 12. Bb3 0-0 13. Bb2 e5 14. Qe1 d5 15. f3 Kh8 16. c4 dxe4 17. fxe4 f5 18. Ng3 f4 19. Ne2 g5 20. h3 h5 21. Ba3 b5 22. cxb5 axb5 23. axb5 Qb6 24. Bc4 Ng6 25. Nc1 g4 26. hxg4 hxg4 27. Nb3 Rf6 28. Bb2 Raf8 29. Nc5 Bc8 30. Ra6 Bxa6 31. Nd7 Qc7 32. Nxf6 Bc8 33. Nd5 Qd8 34. g3 Bh6 35. Qd2 Kg7 36. gxf4 Nxf4 37. Nxf4 Bxf4 38. Qe1 g3 39. Kg2 Bg4 40. Bc1 Qg5 41. Rxf4 exf4 42. Qxg3 Bh3+ 0-1

[Event "COL sub zt 2.3.4"]
[Site "La Dorada"]
[Date "2016.11.04"]
[Round "5"]
[White "Torres, Jorge Emilio"]
[Black "Palacio, Pablo Persi"]
[Result "1/2-1/2"]
[WhiteElo "2080"]
[BlackElo "1919"]
[PlyCount "44"]
[EventDate "2016.11.02"]
[EventType "swiss"]
[EventRounds "9"]
[EventCountry "COL"]
[SourceTitle "CBM 175 Extra"]
[Source "ChessBase"]
[SourceDate "2016.12.12"]
[SourceVersion "1"]
[SourceVersionDate "2016.12.12"]
[SourceQuality "1"]

1. d4 d5 2. Nf3 Nf6 3. e3 Nbd7 4. b3 e6 5. Bd3 Bb4+ 6. Bd2 Bd6 7. Bc3 Ne4 8. Bxe4 dxe4 9. Ne5 Qg5 10. Qg4 Qxg4 11. Nxg4 f5 12. Ne5 Nxe5 13. dxe5 Be7 14. Nd2 Bd7 15. 0-0-0 b5 16. Ba5 Rc8 17. f3 exf3 18. Nxf3 c5 19. c4 bxc4 20. bxc4 Bc6 21. Rd2 g5 22. Kc2 g4 1/2-1/2

[Event "COL-ch Amateur"]
[Site "Villavicencio"]
[Date "2015.02.21"]
[Round "7"]
[White "Contreras R, Wilson Mauricio"]
[Black "Palacio, Pablo Persi"]
[Result "0-1"]
[WhiteElo "1804"]
[BlackElo "1919"]
[PlyCount "42"]
[EventDate "2015.02.18"]
[EventType "swiss"]
[EventRounds "9"]
[EventCountry "COL"]
[SourceTitle "CBM 165 Extra"]
[Source "ChessBase"]
[SourceDate "2015.04.21"]
[SourceVersion "1"]
[SourceVersionDate "2015.04.21"]
[SourceQuality "1"]

1. d4 d5 2. Nf3 Nf6 3. c4 e6 4. Bg5 Nbd7 5. Nc3 Be7 6. e3 c6 7. Bd3 h6 8. Bf4 0-0 9. 0-0 dxc4 10. Bxc4 b5 11. Bd3 Bb7 12. h3 a6 13. a3 c5 14. Rc1 Rc8 15. dxc5 Nxc5 16. Bc2 Qxd1 17. Rfxd1 Bxf3 18. gxf3 Rfd8 19. Rxd8+ Rxd8 20. Rd1 Rxd1+ 21. Bxd1 Nd3 0-1

[Event "COL-ch Amateur"]
[Site "Villavicencio"]
[Date "2015.02.20"]
[Round "5"]
[White "Gutierrez, Jonathan"]
[Black "Palacio, Pablo Persi"]
[Result "1-0"]
[WhiteElo "1686"]
[BlackElo "1919"]
[PlyCount "49"]
[EventDate "2015.02.18"]
[EventType "swiss"]
[EventRounds "9"]
[EventCountry "COL"]
[SourceTitle "CBM 165 Extra"]
[Source "ChessBase"]
[SourceDate "2015.04.21"]
[SourceVersion "1"]
[SourceVersionDate "2015.04.21"]
[SourceQuality "1"]

1. e4 c5 2. Nf3 e6 3. d4 cxd4 4. Nxd4 Nf6 5. Nc3 Bb4 6. Bd3 Nc6 7. Nb3 d5 8. exd5 Nxd5 9. Bd2 Nxc3 10. bxc3 Bd6 11. Qh5 Qf6 12. 0-0 Ne5 13. Bg5 Nf3+ 14. gxf3 Qxc3 15. Bb5+ Kf8 16. Rad1 Qc7 17. Rfe1 a6 18. Be2 h6 19. Rxd6 g6 20. Qh4 Qxd6 21. Rd1 Qxd1+ 22. Bxd1 Kg8 23. Bf6 Rh7 24. Nc5 b6 25. Qd4 1-0

[Event "Pan American Amateur-ch"]
[Site "San Andres Islas"]
[Date "2014.08.27"]
[Round "3"]
[White "Palacio, Pablo Persi"]
[Black "Del Giudice, Juan Eduardo"]
[Result "0-1"]
[WhiteElo "1907"]
[BlackElo "1982"]
[PlyCount "78"]
[EventDate "2014.08.26"]
[EventType "swiss"]
[EventRounds "9"]
[EventCountry "COL"]
[SourceTitle "EXT 2016"]
[Source "ChessBase"]
[SourceDate "2015.10.08"]
[SourceVersion "1"]
[SourceVersionDate "2015.10.08"]
[SourceQuality "1"]

1. d4 Nf6 2. Nf3 d6 3. c4 Nbd7 4. Nc3 g6 5. g3 Bg7 6. Bg2 0-0 7. 0-0 e5 8. dxe5 dxe5 9. e4 c6 10. Qc2 Qc7 11. Rd1 Re8 12. b4 a5 13. b5 Bf8 14. Rb1 Bb4 15. bxc6 bxc6 16. Na4 Ba6 17. a3 Bf8 18. h3 Nc5 19. Nxc5 Bxc5 20. Kh2 Rad8 21. Rxd8 Rxd8 22. Bg5 Kg7 23. a4 h6 24. Bxf6+ Kxf6 25. Bf1 Kg7 26. Kg2 Bc8 27. Rd1 f6 28. Rxd8 Qxd8 29. Qd3 Qc7 30. Ne1 Be6 31. Qc2 Qd7 32. Nd3 Bd4 33. Kh2 h5 34. f4 h4 35. gxh4 exf4 36. Nf2 Qd6 37. e5 Qxe5 38. Nd3 Qe3 39. Qg2 Bxh3 0-1

[Event "Cali Menor 2100 op 11th"]
[Site "Cali"]
[Date "2009.12.28"]
[Round "4.1"]
[White "Vargas, Eduar Misael"]
[Black "Palacio, Pablo Persi"]
[Result "1-0"]
[WhiteElo "1929"]
[BlackElo "1946"]
[PlyCount "61"]
[EventDate "2009.12.26"]
[EventType "swiss"]
[EventRounds "8"]
[EventCountry "COL"]
[SourceTitle "EXT 2024"]
[Source "ChessBase"]
[SourceDate "2023.10.10"]
[SourceVersion "1"]
[SourceVersionDate "2023.10.10"]
[SourceQuality "1"]

1. d4 d5 2. c4 c6 3. Nf3 dxc4 4. a4 b5 5. axb5 cxb5 6. Nc3 Bd7 7. Ne5 a6 8. e3 Nf6 9. b3 b4 10. Bxc4 e6 11. Qf3 Ra7 12. Ne4 Be7 13. Bd2 0-0 14. Nxf6+ Bxf6 15. Nxd7 Qxd7 16. Bxb4 Rc8 17. 0-0 Be7 18. Bc3 Qc6 19. e4 Bf8 20. d5 exd5 21. exd5 Qb6 22. Qg4 Qc7 23. Rfe1 Qd7 24. Qh5 Re8 25. Rxe8 Qxe8 26. Bd3 g6 27. Qh4 f6 28. Bxf6 Nd7 29. Bd4 Nc5 30. Bc4 Rf7 31. d6 1-0

[Event "La Dorada Alfil Dorado CC"]
[Site "La Dorada"]
[Date "2009.10.12"]
[Round "6.2"]
[White "Jimenez, Jose Mauricio"]
[Black "Palacio, Pablo Persi"]
[Result "1-0"]
[WhiteElo "2197"]
[BlackElo "1947"]
[PlyCount "59"]
[EventDate "2009.10.09"]
[EventType "tourn"]
[EventRounds "8"]
[EventCountry "COL"]
[SourceTitle "EXT 2024"]
[Source "ChessBase"]
[SourceDate "2023.10.10"]
[SourceVersion "1"]
[SourceVersionDate "2023.10.10"]
[SourceQuality "1"]

1. c4 d6 2. Nc3 e5 3. Nf3 Nf6 4. d4 exd4 5. Nxd4 Nc6 6. e4 Be7 7. g3 Bd7 8. Bg2 Nxd4 9. Qxd4 0-0 10. 0-0 c6 11. Bf4 Qc7 12. Rfd1 Bg4 13. Bxd6 Bxd6 14. Qxd6 Qxd6 15. Rxd6 Rfd8 16. e5 Rxd6 17. exd6 Rd8 18. h3 Be6 19. c5 Nd7 20. b4 a5 21. a3 Ra8 22. Re1 g6 23. Ne4 axb4 24. axb4 b6 25. cxb6 Nxb6 26. Nc5 Bd5 27. d7 Bxg2 28. Re8+ Kg7 29. Rxa8 Nxd7 30. Nxd7 1-0

[Event "La Dorada Alfil Dorado CC"]
[Site "La Dorada"]
[Date "2009.10.12"]
[Round "7.1"]
[White "Palacio, Pablo Persi"]
[Black "Torres, Juan Camilo"]
[Result "0-1"]
[WhiteElo "1947"]
[BlackElo "2190"]
[PlyCount "72"]
[EventDate "2009.10.09"]
[EventType "tourn"]
[EventRounds "8"]
[EventCountry "COL"]
[SourceTitle "EXT 2024"]
[Source "ChessBase"]
[SourceDate "2023.10.10"]
[SourceVersion "1"]
[SourceVersionDate "2023.10.10"]
[SourceQuality "1"]

1. e4 c5 2. Nf3 a6 3. Nc3 e6 4. d4 cxd4 5. Nxd4 b5 6. Be2 Bb7 7. 0-0 Bc5 8. Nb3 Ba7 9. a3 d6 10. Qd3 Nf6 11. Be3 Nc6 12. Bxa7 Rxa7 13. h3 Ba8 14. Rad1 Rd7 15. Kh1 Ne5 16. Qe3 0-0 17. f4 Nc4 18. Bxc4 bxc4 19. Nd4 Re8 20. f5 e5 21. Nf3 Nh5 22. Kh2 Nf4 23. Rfe1 f6 24. Rd2 d5 25. exd5 Nxd5 26. Nxd5 Rxd5 27. Rxd5 Qxd5 28. Qd2 Qb5 29. Qc3 Rb8 30. Rb1 Be4 31. Nh4 a5 32. g4 g5 33. Ng2 Qc5 34. b3 Qf2 35. Qg3 Qxc2 36. Re1 Rxb3 0-1